000 00420nam a22001697a 4500
003 MPLRDC
005 20220104125330.0
008 210129b ||||| |||| 00| 0 eng d
082 _a857.9 WLQZ-11 v.2
100 _a武陵樵子
245 _a天河劫. 二
_c
260 _a
_b毅力出版社
_c
300 _b
490 _a武陵樵子小说专辑. 13
650 _a武侠小说
942 _cBK
_o857.9 WLQZ-11 v.2
999 _c26518
_d26508